[Event "IND-ch U15"]
[Site "Mumbai"]
[Date "2023.11.18"]
[Round "4"]
[White "Elesh, Tripathi"]
[Black "Arnav, Mahesh Koli"]
[Result "0-1"]
[WhiteElo "1382"]
[BlackElo "1774"]
[PlyCount "100"]
[EventDate "2023.11.15"]
[EventType "swiss"]
[EventRounds "7"]
[EventCountry "IND"]
[SourceTitle "CB49_2023"]
[SourceDate "2023.12.06"]
[SourceVersion "1"]
[SourceVersionDate "2023.12.06"]
[SourceQuality "1"]

1. d4 d5 2. g3 c5 3. c3 Nc6 4. Nf3 Nf6 5. Bg2 Bf5 6. 0-0 e6 7. Qa4 Bd6 8. dxc5 Bxc5 9. Ne5 Qc7 10. Nxc6 bxc6 11. Bg5 Ne4 12. Bf4 Bd6 13. Be3 0-0 14. Nd2 Nf6 15. Bg5 Nd7 16. Nb3 h6 17. Bd2 c5 18. Rfe1 Nf6 19. c4 Rab8 20. Rac1 d4 21. e4 dxe3 22. Bxe3 Ng4 23. Bd2 Be5 24. h3 Nxf2 25. Rxe5 Qxe5 26. Kxf2 Qxb2 27. Kg1 Rxb3 28. Qxb3 Qxd2 29. Rd1 Qe2 30. Rd7 Qe1+ 31. Kh2 a5 32. Qb5 Qe2 33. Qxa5 Qxc4 34. Qd2 Kh7 35. Rc7 Bg6 36. Qf2 Qd4 37. Qxd4 cxd4 38. Rd7 d3 39. a4 Rb8 40. a5 Rb2 41. Kg1 Ra2 42. Bf1 Rxa5 43. Bxd3 Rd5 44. Rxd5 exd5 45. Bf1 Be4 46. Kf2 d4 47. g4 g5 48. Bg2 Bxg2 49. Kxg2 Kg6 50. Kf3 f5 0-1